Electric circuits / (Record no. 14704)
[ view plain ]
| 000 -LEADER | |
|---|---|
| fixed length control field | 00975cam a22002895a 4500 |
| 001 - CONTROL NUMBER | |
| control field | 15050971 |
| 005 - DATE AND TIME OF LATEST TRANSACTION | |
| control field | 20201128020832.0 |
| 008 - FIXED-LENGTH DATA ELEMENTS--GENERAL INFORMATION | |
| fixed length control field | 071019t2011 njua frb 001 0 eng d |
| 020 ## - INTERNATIONAL STANDARD BOOK NUMBER | |
| International Standard Book Number | 9780137050512 |
| 020 ## - INTERNATIONAL STANDARD BOOK NUMBER | |
| International Standard Book Number | 0137050518 |
| 040 ## - CATALOGING SOURCE | |
| Original cataloging agency | DLC |
| Language of cataloging | eng |
| Transcribing agency | DLC |
| Modifying agency | EG-ScBUE |
| 082 04 - DEWEY DECIMAL CLASSIFICATION NUMBER | |
| Classification number | 621.3192 |
| Edition number | 22 |
| Item number | NIL |
| 100 1# - MAIN ENTRY--PERSONAL NAME | |
| Personal name | Nilsson, James William. |
| 9 (RLIN) | 1212 |
| 245 10 - TITLE STATEMENT | |
| Title | Electric circuits / |
| Statement of responsibility, etc | James W. Nilsson, Susan A. Riedel. |
| 250 ## - EDITION STATEMENT | |
| Edition statement | 9th ed., International ed. |
| 260 ## - PUBLICATION, DISTRIBUTION, ETC. (IMPRINT) | |
| Place of publication, distribution, etc | Upper Saddle River, New Jersey : |
| Name of publisher, distributor, etc | Pearson Prentice Hall, |
| Date of publication, distribution, etc | 2011. |
| 300 ## - PHYSICAL DESCRIPTION | |
| Extent | 816 p. : |
| Other physical details | ill. (col) ; |
| Dimensions | 27 cm. |
| 500 ## - GENERAL NOTE | |
| General note | Index : p. 803-816. |
| 590 ## - LOCAL NOTE (RLIN) | |
| Local note | doaa mohamed |
| 651 ## - SUBJECT ADDED ENTRY--GEOGRAPHIC NAME | |
| Source of heading or term | BUEsh |
| 653 ## - INDEX TERM--UNCONTROLLED | |
| Resource For college | Engineering, Electrical |
| Arrived date list | December2013 |
| -- | August2015 |
| 655 ## - INDEX TERM--GENRE/FORM | |
| Form subdivision | |
| -- | 34232 |
| 650 #0 - SUBJECT ADDED ENTRY--TOPICAL TERM | |
| 9 (RLIN) | 1213 |
| Topical term or geographic name as entry element | Electric circuits |
| Source of heading or term | BUEsh |
| 700 1# - ADDED ENTRY--PERSONAL NAME | |
| Personal name | Riedel, Susan A., |
| 9 (RLIN) | 19762 |
| Relator term | author. |
| 856 41 - ELECTRONIC LOCATION AND ACCESS | |
| Materials specified | Table of contents |
| Uniform Resource Identifier | <a href="http://www.loc.gov/catdir/toc/fy0802/2007279221.html">http://www.loc.gov/catdir/toc/fy0802/2007279221.html</a> |
| 942 ## - ADDED ENTRY ELEMENTS (KOHA) | |
| Source of classification or shelving scheme | Dewey Decimal Classification |
| Item type | Book - Borrowing |
| Call number prefix | 621.3192 NIL |
| Withdrawn status | Item status | Source of classification or shelving scheme | Damaged status | Not for loan | Vendor | Home library | Current library | Shelving location | Date acquired | Source of acquisition | Total Checkouts | Full call number | Barcode | Date last seen | Koha item type | Total Renewals | Date last borrowed |
|---|---|---|---|---|---|---|---|---|---|---|---|---|---|---|---|---|---|
| Dewey Decimal Classification | Baccah | Central Library | Central Library | First floor | 22/09/2010 | 621.3192 NIL | 000021521 | 15/07/2025 | NB - Book (Non borrowing) | ||||||||
| Dewey Decimal Classification | Baccah | Central Library | Central Library | First floor | 22/09/2010 | 8 | 621.3192 NIL | 000021520 | 10/02/2026 | Book - Borrowing | 49 | 10/02/2024 | |||||
| Dewey Decimal Classification | Baccah | Central Library | Central Library | First floor | 22/09/2010 | 10 | 621.3192 NIL | 000021519 | 15/07/2025 | Book - Borrowing | 26 | 17/05/2016 | |||||
| Dewey Decimal Classification | Baccah | Central Library | Central Library | First floor | 21/11/2013 | 4 | 621.3192 NIL | 000035117 | 15/07/2025 | Book - Borrowing | 147 | 10/02/2024 | |||||
| Dewey Decimal Classification | Baccah | Central Library | Central Library | First floor | 04/12/2013 | 4 | 621.3192 NIL | 000029679 | 15/07/2025 | Book - Borrowing | 34 | 11/02/2024 |